Datum a čas kvízu
23
Celkem bodů
Celkový počet nahraných bodů na tomto kvízu bez doplňovacích otázek.
9.
Pořadí na kvízu
Konečné umístění týmu na tomto kvízu.
Zaznamenané odpovědi
| # | Otázka | Odpověď | Body | Výsledky |
|---|---|---|---|---|
| 1. | Neúspěšný kandidát na preziden... | 0 | ||
| 2. | Německé město Trevír minulý tý... | 1 | ||
| 3. | Kdo poslouchal dne 21. března... | 0 | ||
| 4. | Majitelé účtů v České spořitel... | 0 | ||
| 5. | V minulých dnech bylo rozhodnu... | 0 | ||
| 6. | Budeme se zabývat slovy, která... | 0 | ||
| 7. | Bezpečnostní informační služba... | 0 | ||
| 8. | Jak se jmenuje objekt, který v... | 1 | ||
| 9. | Logo které mezinárodní organiz... | 1 | ||
| 10. | Na fotce je zobrazen hrad, kte... | 1 |